| 000 | 02413cam a22004577i 4500 | ||
|---|---|---|---|
| 001 | 20764533 | ||
| 003 | NUST | ||
| 005 | 20230127115445.0 | ||
| 008 | 181130s2020 enka b 001 0 eng d | ||
| 010 | _a 2018966084 | ||
| 015 |
_aGBB9E1891 _2bnb |
||
| 016 | 7 |
_a019511278 _2Uk |
|
| 020 |
_a9780128148556 _qpaperback |
||
| 020 |
_a0128148551 _qpaperback |
||
| 020 | _z9780128148563 (ePub ebook) | ||
| 035 | _a(OCoLC)on1085217220 | ||
| 040 |
_aYDX _beng _cYDX _erda _dBDX _dUKMGB _dOCLCO _dOCLCF _dYDX _dYDXIT _dCHVBK _dOCLCO _dLTSCA _dOCLCO _dOE$ _dDLC |
||
| 042 | _alccopycat | ||
| 050 | 0 | 0 |
_aQD461 _b.P25 2020 |
| 082 | 0 | 4 |
_a572.8 _223 |
| 100 | 1 |
_aPal, Subrata, _eauthor. _9107864 |
|
| 245 | 1 | 0 |
_aFundamentals of molecular structural biology / _cSubrata Pal. |
| 264 | 1 |
_aLondon, United Kingdom ; _aSan Diego, California : _bAcademic Press, an imprint of Elsevier, _c[2020] |
|
| 300 |
_axxi, 495 pages ; _c24 cm |
||
| 336 |
_atext _btxt _2rdacontent |
||
| 337 |
_aunmediated _bn _2rdamedia |
||
| 338 |
_avolume _bnc _2rdacarrier |
||
| 504 | _aIncludes bibliographical references and index. | ||
| 505 | _aIntroduction—A historical perspective -- Mathematical tools -- Physical basis of chemistry -- Chemical basis of biology -- Biomacromolecules -- Structure analysis and visualization -- Protein folding -- DNA synthesis: Replication -- Transcription -- RNA processing -- Translation -- DNA damage and repair -- Recombination -- Membrane structure and function -- Fundamentals of structural genomics -- Cell signaling and systems biology -- Macromolecular assemblies -- Computational molecular biology | ||
| 650 | 0 |
_aMolecular structure. _9103991 |
|
| 650 | 0 |
_aStructural bioinformatics. _9107865 |
|
| 650 | 7 |
_aMolecular biology. _2fast _0(OCoLC)fst01024734 |
|
| 650 | 7 |
_aMolecular structure. _2fast _0(OCoLC)fst01024846 _9103991 |
|
| 650 | 7 |
_aMakromolekül _2gnd _9107866 |
|
| 650 | 7 |
_aMolekularbiologie _2gnd _9107867 |
|
| 650 | 7 |
_aStrukturbiologie _2gnd _9107868 |
|
| 776 | 0 | 8 |
_iElectronic version: _aPal, Subrata. _tFundamentals of molecular structural biology. _dLondon, United Kingdom : Academic Press, an imprint of Elsevier, 2020 _z9780128148563 _w(OCoLC)1112671380 |
| 906 |
_a7 _bcbc _ccopycat _d2 _encip _f20 _gy-gencatlg |
||
| 942 |
_2ddc _cBK |
||
| 999 |
_c593029 _d593029 |
||